日本の国立公園 - Statistics

General Stats
  • This quiz has been taken 279 times
  • The average score is 13 of 34
Answer Stats
Answer % Correct
知床
83%
大雪山
61%
小笠原
56%
日光
54%
尾瀬
54%
瀬戸内海
54%
釧路湿原
52%
屋久島
50%
富士箱根伊豆
46%
阿蘇くじゅう
46%
三陸復興
45%
十和田八幡平
42%
やんばる
41%
秩父多摩甲斐
40%
伊勢志摩
40%
南アルプス
39%
利尻礼文サロベツ
37%
阿寒摩周
36%
白山
36%
支笏洞爺
35%
磐梯朝日
34%
山陰海岸
32%
吉野熊野
30%
中部山岳
28%
足摺宇和海
28%
西表石垣
28%
上信越高原
27%
大山隠岐
25%
西海
25%
霧島錦江湾
25%
慶良間諸島
24%
雲仙天草
23%
妙高戸隠連山
22%
奄美群島
21%
No matching quizzes found
Score Distribution
Percent of People with Each Score
Percentile by Number Answered
Your Score History
You have not taken this quiz